Science Quiz

Random Science or Anatomy Quiz

6 to 1: Anatomy Quiz Stats

 Plays Quiz Updated Aug 4, 2019

Support Sporcle.
Go Orange.
Score 0/21 Timer 05:00
1 Play Today
Answer % Correct
Eye
95.5%
Ear
94.9%
Femur
87.2%
Frontal
80.8%
Skin
79%
Lip
78%
Scapula
74.9%
Head
69.6%
Thorax
65.3%
Liver
62.4%
Sternum
60.6%
Answer % Correct
Occipital
57.2%
Abdomen
54%
Parietal
51%
Temporal
49.1%
Jaw
47.8%
Sacrum
44.6%
Stapes
43.8%
Gum
36.8%
Scaphoid
33.2%
Sphenoid
32.8%

You're not logged in!

Compare scores with friends on all Sporcle quizzes.
OR
Log In
Forgot?

From the Vault

Movie Musicals In 3 Words

by DIEGO1000

Movies 5m
Feel free to sing along as loud as possible and annoy your neighbors.
Remove Ads.
Support Sporcle.
Get the best of Sporcle when you Go Orange. This ad-free experience offers more features, more stats, and more fun while also helping to support Sporcle. Thank you for becoming a member.

Show Comments

Extras

Top Quizzes Today


Score Distribution

Your Account Isn't Verified!

In order to create a playlist on Sporcle, you need to verify the email address you used during registration. Go to your Sporcle Settings to finish the process.

Report this User

Report this user for behavior that violates our Community Guidelines.

Details: